LEADER 01116nam a2200241 i 4500 001 000000164418 003 CaOOAMICUS 005 20240213145250.0 008 070914s1941 it u000 u ita u 040 $aSeMil$bita 245 00$aRomanità e Germanesimo /$ca cura di Jolanda De Blasi ; letture tenute per il Lyceum di Firenze da G. Bottai ... [et al.]. 264 1$aFirenze :$bSansoni,$c1941. 300 $aXII, 409 p., con 42 tavole fuori testo ;$c22 cm. 650 4$aItalia e Germania - Relazioni culturali - Sec. 18.-20.$0(OLS)http://semarc/subject/10692 650 4$aCiviltà germanica e civiltà latina.$0(OLS)http://semarc/subject/13243 700 1 $aBottai, Giuseppe,$d<1895-1959>.$0(OLS)http://semarc/name/1954 700 1 $aDe Blasi, Jolanda,$d<1888-1964>.$0(OLS)http://semarc/name/37094 850 $aSeMil 852 $aSeMil$W1$xVenegono$y1$m3V I 132$j246159$B115684$CSeMilBibl$Z2$F126563 $81 961 $aRecupero: Altro 996 $6245$aRomanità e Germanesimo$9(OLS)http://semarc/title/234579 996 $6264$aFirenze :$bSansoni$9(OLS)http://semarc/publisher/29843 LEADER 01209nam a2200253 i 4500 001 000000074068 003 CaOOAMICUS 005 20220921124124.0 008 070417s1951 it u000 u mul u 040 $aSeMil$bita 100 1 $aPascoli, Giovanni,$d<1855-1912>.$0(OLS)http://semarc/name/3304 240 10$aCarmina.$0(OLS)http://semarc/title/20828 245 10$aPoesie latine /$cGiovanni Pascoli ; a cura di Manara Valgimigli ; [recognoscenda curavit Maria Soror]. 300 $aXL, 733 p. 500 $aIn allegato: facsimile di manoscritto dell'autore 546 $aTesti in italiano e latino 650 4$aPascoli, Giovanni <1855-1912> - Opere latine.$0(OLS)http://semarc/subject/32369 700 1 $aValgimigli, Manara,$d<1876-1965>.$0(OLS)http://semarc/name/1285 700 1 $aSoror, Maria.$0(OLS)http://semarc/name/36763 773 0 $aPascoli, Giovanni <1855-1912>$tTutte le opere di Giovanni Pascoli.$d[Milano] : Arnoldo Mondadori Editore, 1946-$kClassici contemporanei italiani$w()17630 850 $aSeMil 852 $aSeMil$W1$xVenegono$y1$m1B IV 13$j40220$B40220$CSeMilBibl$Z2$F40224 $81 996 $6245$aPoesie latine$9(OLS)http://semarc/title/120161